[Event "Vienna Millenium"]
[Site "Vienna"]
[Date "1996.08.10"]
[Round "2"]
[White "Karpov, Anatoly"]
[Black "Kramnik, Vladimir"]
[Result "1-0"]
[WhiteElo "2775"]
[BlackElo "2765"]
[Annotator "Lutz,C"]
[PlyCount "117"]
[EventDate "1996.08.09"]
[EventType "tourn"]
[EventRounds "9"]
[EventCountry "AUT"]
[EventCategory "18"]
[SourceTitle "CBM 055"]
[Source "ChessBase"]
[SourceDate "1996.12.01"]
[SourceVersion "1"]
[SourceVersionDate "1996.12.01"]
[SourceQuality "1"]

1. d4 {Hecht Ftacnik} d5 2. c4 c6 3. Nc3 Nf6 4. Nf3 e6 5. e3 Nbd7 6. Qc2 Bd6 7.
Bd3 {Die modernere Fortsetzung gegenüber 7.Be2.} O-O 8. O-O {Die wesentliche
Pointe von 7.Bd3 besteht darin, die Auswahl an schwarzen Systemen zu
reduzieren:} e5 {Nach 7.Be2 0-0 8.0-0 e5 hat Schwarz gute Aussicht auf
Ausgleich. Nun jedoch hat Schwarz Probleme.} (8... dxc4 9. Bxc4 Qe7 {führt zu
Varianten nach 7.Be2 dxc4 8.Bxc4 Qe7.}) (8... b6 {ist hier nicht so gut
spielbar wegen} 9. e4 dxe4 10. Nxe4 Nxe4 $2 11. Bxe4 $18) 9. cxd5 cxd5 10. e4 {
Nur so macht der weiße Aufbau Sinn.} (10. Nb5 {Ftacnik} Bb8 11. dxe5 Nxe5 12.
Nxe5 Bxe5 13. h3 a6 14. Nd4 $14) 10... dxe4 (10... exd4 {ist der andere
kritische Zug, vgl. Chernin,A-Savchenko,S/EUcup Gr7 Bratislava; CBM 55.
Allerdings hat es Schwarz auch dort nicht leicht.}) (10... exd4 {Ftacnik} 11.
Nxd5 Nxd5 12. exd5 h6 (12... Nf6 13. Nxd4 Nxd5 14. Bxh7+ Kh8 15. Be4 Nf6 16.
Nf5 Nxe4 17. Qxe4 Qf6 18. Nxd6 Qxd6 19. Bf4 Qb6 20. Rad1 Be6 21. Rd6 Qb5 22.
Be5 Rae8 23. a4 Qc4 24. Rd4 {1-0 Vera,R-Oms Pallise,J/Pamplona op/1995/}) 13.
Nxd4 Qh4 (13... Bxh2+ 14. Kxh2 Qh4+ 15. Kg1 Qxd4 16. Rd1 $16 {^^}) 14. Nf3 (14.
f4 Nf6 (14... Bc5 $2 15. Be3 Re8 16. Bf2 Qxf4 17. Ne6 $1) 15. Nb5 Rd8 16. Nxd6
Rxd6 17. Bd2 Rxd5 18. Be1 Qh5 19. Bc3 Bf5 (19... Ng4 $2 20. h3 Ne3 $2 21. Rae1)
20. Bxf5 Qxf5 21. Qxf5 Rxf5 22. Rad1 Nd5 23. Bd2 {1/2-1/2 Sokolov,I-Morovic
Fernandez,I/Leon (07)/1995/ (48)}) 14... Qh5 15. Bh7+ (15. Qc4 Nc5 16. Bc2 g5
17. b4 Na6 18. Qd3 Qg6 19. Qxg6+ fxg6 20. a3 Bf5 21. Bb3 Rac8 22. Be3 Rc3 23.
Nd4 Be5 24. Nxf5 Rxb3 25. Nd4 Bxd4 26. Bxd4 {1/2-1/2 Orr,M-Kaidanov,G/Dublin
Telecom/1991/ (41)}) 15... Kh8 16. Qf5 Qxf5 17. Bxf5 Nf6 18. Bc2 (18. Bxc8
Rfxc8 19. Rd1 Rc5 20. Be3 Rxd5 21. Rxd5 Nxd5 22. Rd1 Nxe3 23. Rxd6 Ng4 24. h3
Nf6 25. Ne5 Kg8 {Rohde,M-Ramayrat,C/USA-op (03)/1987/1/2-1/2 (52)}) 18... Bg4
19. Bb3 Bxf3 20. gxf3 Nh5 21. Be3 Nf4 22. Rfd1 Rfd8 23. Bc4 {Sokolov,I-Piket,
Je/Nussloch (06)/1996/1-0 (63)}) 11. Nxe4 Nxe4 12. Bxe4 h6 13. Be3 (13. Rd1
exd4 14. Nxd4 Nf6 15. Bf3 Qa5 16. g3 Bg4 17. Bxg4 {1/2-1/2 Dlugy,M-Dreev,A/New
York op (02) ;EXP 16 1990 1/2-1/2 Dlugy,M-Dreev,A/New York op (02) ;EXP 16 1990
}) 13... exd4 14. Bh7+ $1 $146 {In Erwartung des folgenden Endspiels wird der
schwarze König deplaziert.} (14. Bxd4 Nf6 15. Bf5 Qa5 16. Bxc8 Rfxc8 17. Qb3
Qd5 18. Qxd5 (18. Bxf6 Qxb3 19. axb3 gxf6 {mit den Ideen ...Rc2 oder ...Be5
ist befriedigend für Schwarz.}) 18... Nxd5 19. Rad1 Rd8 20. g3 Nb4 {1/2-1/2
Blanco Fernandez,A-Hoffman,A/Capablanca mem (04) ;CBM 48 1995 1/2-1/2 Blanco
Fernandez,A-Hoffman,A/Capablanca mem (04)/1995/}) 14... Kh8 15. Bxd4 Nf6 16.
Bf5 $14 Bxf5 (16... Qa5 17. Bxc8 Rfxc8 (17... Raxc8 18. Qb3 $14) 18. Qb3 Qd5
19. Bxf6 Qxb3 20. Bxg7+ {Hier wirkt sich die Stellung des Kh8 aus !} Kxg7 21.
axb3 $16 Rc2 22. Nd4 Rxb2 $2 23. Nf5+ $18) 17. Qxf5 Qc8 (17... Qd7 18. Qxd7
Nxd7 19. Rad1 Rfd8 20. Bxg7+ Kxg7 21. Rxd6 Ne5 22. Nd4 $1 Rxd6 23. Nf5+ Kf6 24.
Nxd6 $16) 18. Qb5 (18. Qxc8 Raxc8 (18... Rfxc8 19. Bxf6 gxf6 20. Rad1 $14) 19.
Bxf6 gxf6 20. Rad1 Rfd8 $14 {Karpov}) (18. Nh4 $5 {Kramnik}) 18... a6 (18...
Ne4 {Ftacnik} 19. Rac1 $14) 19. Qb6 (19. Qb3 Qe6 20. Qxe6 fxe6 21. Rfe1 Rfe8
$14 {Karpov}) 19... Qc7 (19... Bc7 {Ftacnik} 20. Qb3 Bd8 (20... Ne4 $2 21. Rac1
$18) 21. Ne5 $16) 20. Qxc7 Bxc7 21. Bxf6 gxf6 22. Rfe1 Rfe8 23. Rad1 $14 (23.
g3 $5 {Karpov war möglicherweise noch genauer. Aber auch so behält Weiß einen
kleinen, aber dauerhaften Vorteil. Karpows Endspielführung ist lehrreich.})
23... Rxe1+ 24. Rxe1 {[#] Hecht Dauerhafte Schwäche der schwarzen B-Struktur
führt zu weißem Spiel an diesem Flügel mit S+K-Einsatz dort. Schwarzes
Gegenspiel am D-Flügel. Nach beiderseitiger Freibauernbildung aufregendes
Finale. Weißer Hauptvorteil: die schlechte schwarze K-Stellung, die zu
Mattdrohungen führt.} Rd8 25. g3 Rd7 26. Re2 Kg7 27. Nh4 Rd5 (27... Be5 {
Ftacnik} 28. Kg2 $14) 28. Re7 Rc5 29. Rd7 b5 (29... Kf8 $1 {Ftacnik} 30. b4
Rc1+ (30... Ke8 31. bxc5 Kxd7 32. Nf5 h5 33. Ng7 Kc6 34. Nxh5 Be5 35. h4 Kxc5
36. Ng7 f5 37. Nxf5 $16) 31. Kg2 Ke8 32. Rd3 $14) 30. b4 Rc2 31. Nf5+ Kg6 32.
Ne3 Rc1+ 33. Kg2 Be5 (33... f5 {Ftacnik} 34. Nd5 Be5 35. Ra7 $16) 34. Ra7 Rc6
35. Nd5 Bd6 (35... Rd6 {Ftacnik} 36. Ne7+ Kh5 37. f4 Bc3 38. Kh3 $18) 36. a3
Kf5 37. Ne3+ (37. Rxf7 $2 {Ftacnik} Ke6) 37... Kg6 (37... Ke6 {Ftacnik} 38. g4
$5 (38. Kf3 Be5 39. Ke4 f5+ $1) 38... Bb8 39. Rb7 Bf4 40. Nf5 Rc3 41. Rb6+ Ke5
42. Rxa6 $16) 38. Kf3 Be5 39. Nd5 Kg7 40. Ne7 Rc3+ (40... Re6 $5 {Ftacnik} 41.
Kg4 Bb2 42. h4 Bxa3 43. Nf5+ Kf8 (43... Kg6 44. h5+ Kh7 45. Rxf7+ Kh8 46. Nxh6
Bxb4 47. Kf5 Rc6 48. Kg6 f5+ 49. Kg5 Be1 50. f4 Bxg3 51. Nxf5 Bf2 52. Ne7 Rd6
53. h6 $18) 44. Ra8+ (44. Nxh6 Bxb4 45. Rxf7+ Ke8 46. Kf5 (46. Rb7 Bc5 47. f4
Re7 48. Rb8+ Kd7 49. Nf5 Re8) 46... Re2 47. Kg6 Rxf2 (47... Bc3 48. Ng4 $16)
48. Ng4 Rg2 49. Nxf6+ Kd8 50. g4 $16) 44... Re8 45. Rxa6 Bxb4 46. Rxf6 Re6 47.
Rxe6 fxe6 48. Nd4 $16) 41. Kg4 Rxa3 42. f4 Bc3 43. Kh5 (43. Nf5+ {Ftacnik} Kg6)
43... Bxb4 44. Nf5+ Kg8 45. Ra8+ {[#]} Kh7 (45... Bf8 {Ftacnik} 46. Nxh6+ Kg7
47. Ra7 Kh8 (47... Kh7 48. Rxf7+ Bg7 49. Nf5 $18) (47... Bc5 48. Rxf7+ Kh8 49.
Kg6 $18) 48. Nxf7+ (48. Rxf7 Bxh6 49. Kxh6 Kg8 50. Kg6 Rc3 51. Rxf6 $18) 48...
Kg8 (48... Kg7 49. Nh6+ Kh8 50. Kg6 $18) 49. Kg6 Ra2 (49... b4 {Hecht} 50. Ra8
$18) 50. Ra8 Rxh2 51. g4 Rh7 (51... b4 52. g5 fxg5 53. fxg5 Rf2 54. Nh6+ Kh8
55. Ng4 Rf1 56. Nf6 $18) (51... Rh1 52. Kxf6 Rh7 53. Ne5 b4 54. g5 $18) 52.
Rxf8+ Kxf8 53. Kxh7 Kxf7 (53... b4 54. Nd6 b3 55. Nc4 $18) 54. g5 fxg5 55. fxg5
b4 56. g6+ $18) 46. Ra7 Kg8 (46... Bc3 {Ftacnik} 47. Rxf7+ Kg8 48. Nxh6+ Kh8
49. Kg6 $18) 47. Nxh6+ Kf8 48. Rxf7+ Ke8 49. Kg6 Bc3 (49... Ra2 {Ftacnik} 50.
h4 Bc3 51. Nf5) (49... f5 $5 {[%cal Gc3h8] Hecht}) 50. Nf5 b4 (50... a5 $2 {
Ftacnik} 51. Nd6+ Kd8 52. Nxb5 $18) 51. Rb7 {[#]} Ra2 (51... b3 {Ftacnik} 52.
Nd6+ Kd8 (52... Kf8 $2 53. Kh7 $1 (53. Rf7+ {Hecht} Kg8 54. Nf5 $18 {[%cal
Rf5h6]}) 53... b2 54. Rf7#) 53. Kf5 {[%cal Rf5e6]} Ra2 54. Rxb3 $18) 52. h4 a5
(52... Kd8 {Ftacnik} 53. h5 Kc8 54. Nd6+ Kd8 55. h6 Rh2 56. h7 f5 57. Nxf5 $18)
53. h5 a4 (53... Kd8 54. h6 Kc8 55. h7 Rh2 56. Rg7 {[%cal Rf5h4]} Rxh7 57. Rxh7
a4 (57... b3 {Hecht} 58. Nd6+ Kd8 59. Kf5 $18 {[%cal Rf5e6]}) 58. Nd6+ Kb8 59.
Rb7+ Ka8 60. Rb5 $18) 54. h6 Rh2 55. h7 {[#]} Kd8 (55... a3 {Ftacnik} 56. Nh4 (
56. Nd6+ {Hecht} Kd8 57. Kf5 a2 58. h8=Q+ Rxh8 59. Ke6 Re8+ 60. Nxe8 {[%cal
Rb7b8]} Kc8 61. Nd6+ Kd8 62. Rd7#) 56... f5 57. Rg7 $1 Bxg7 58. Kxg7 a2 59.
h8=Q+ Kd7 60. Kf7 $18) (55... b3 {Ftacnik} 56. Nh4 f5 57. Rg7 Bxg7 58. Kxg7 b2
59. h8=Q+ Kd7 60. Qb8 a3 61. Nxf5 $18) 56. Nh4 f5 57. Rxb4 (57. Rg7 $5 {Ftacnik
} Bxg7 58. Kxg7 $18) 57... Rh3 58. Rxa4 Rxg3+ 59. Kxf5 (59. Kxf5 {Ftacnik} Rh3
60. Ra8+ Kc7 61. h8=Q Bxh8 62. Rxh8 $18) 1-0

[Event "RUS-ch"]
[Site "Elista"]
[Date "1996.??.??"]
[Round "11"]
[White "Zvjaginsev, Vadim"]
[Black "Sveshnikov, Evgeny"]
[Result "1-0"]
[WhiteElo "2590"]
[BlackElo "2535"]
[Annotator "Lutz,C"]
[PlyCount "160"]
[EventDate "1996.10.15"]
[EventType "swiss"]
[EventRounds "11"]
[EventCountry "RUS"]
[SourceTitle "CBM 056"]
[Source "ChessBase"]
[SourceDate "1997.02.01"]
[SourceVersion "1"]
[SourceVersionDate "1997.02.01"]
[SourceQuality "1"]

1. d4 d5 2. c4 e6 3. Nc3 c6 4. e3 Nd7 5. Qc2 Ngf6 6. Nf3 Bd6 7. Bd3 O-O 8. O-O
Qe7 9. Bd2 dxc4 10. Bxc4 e5 11. Bb3 e4 12. Ng5 Bxh2+ 13. Kxh2 Ng4+ 14. Kg1 Qxg5
15. Qxe4 Ndf6 16. Qf4 $1 {Weiß forciert den Übergang ins bessere Endspiel.
Dank des Läuferpaares kann er sich einer kleinen, aber dauerhaften Initiative
erfreuen.} (16. Qf3 Qh4 17. Qh3 Qg5 18. Qf3 Be6 $5 19. Bxe6 fxe6 20. Qh3 e5 21.
dxe5 Qxe5 $13 {0-1 Akesson,R-Illescas Cordoba,M/Erevan olm 1996 (45)}) 16...
Qxf4 17. exf4 Nh6 18. d5 $1 $14 Bd7 19. dxc6 Bxc6 20. Bc2 (20. Rad1 Nf5 21. Bc1
Rad8 22. Rxd8 Rxd8 23. f3 h5 24. Kf2 Kf8 25. Bc2 Nd4 26. Rd1 $14 {1-0
Polugaevsky,L-Pinter,J/Zagreb izt 1987 (83)}) 20... g6 21. Be3 Rfe8 22. Rfd1
Nf5 23. Bxf5 gxf5 24. Bd4 Nd5 25. Nxd5 Bxd5 26. Bxa7 Be6 27. Bd4 Rxa2 28. Rac1
h6 29. Be5 Ra4 30. Rc7 Rb4 31. Rc3 Kh7 32. Rg3 Rg8 33. Kh2 Rxg3 34. Kxg3 Rc4
35. Kh4 b5 36. Rd6 b4 37. Rb6 Kg6 38. Kg3 h5 39. f3 b3 40. Rxb3 Rxf4 41. Rb8
Rc4 42. b4 f4+ 43. Kh2 Kf5 44. Bd6 Bd5 45. Re8 f6 46. Re2 Rc3 47. Rd2 Ke6 48.
Bxf4 Rc4 49. Re2+ Kd7 50. Bd2 Rc2 51. Kg3 Kc6 52. Kf4 Bc4 53. Rf2 Be6 54. Ke3
h4 55. Rf1 Kb5 56. Ra1 Ra2 57. Rxa2 Bxa2 58. Be1 Bc4 59. Bxh4 Kxb4 60. Bxf6 Kc5
61. g4 Bb3 62. Kf4 Bd1 63. Kg3 Kd5 64. f4 Ke4 65. f5 Bc2 66. Bb2 Bd1 67. Kh4
Ba4 68. Kg5 Be8 69. Bc1 Kf3 70. Bf4 Bd7 71. Bc7 Bc8 72. Kh4 Bd7 73. Kg5 Bc8 74.
f6 Be6 75. Bh2 Bg8 76. Bd6 Be6 77. Bb4 Kg3 78. Bd2 Kh3 79. Kf4 Bf7 80. Kf5 Bb3
1-0

[Event "Recklinghausen"]
[Site "Recklinghausen"]
[Date "1998.07.25"]
[Round "1"]
[White "Kachiani Gersinska, Ketino"]
[Black "Siegel, Georg"]
[Result "1/2-1/2"]
[WhiteElo "2435"]
[BlackElo "2540"]
[Annotator "Lutz,C"]
[PlyCount "42"]
[EventDate "1998.07.25"]
[EventType "tourn"]
[EventRounds "9"]
[EventCountry "GER"]
[EventCategory "12"]
[SourceTitle "CBM 067"]
[Source "ChessBase"]
[SourceDate "1998.11.30"]
[SourceVersion "2"]
[SourceVersionDate "1998.11.01"]
[SourceQuality "1"]

1. d4 d5 2. c4 c6 3. Nf3 Nf6 4. Nc3 e6 5. e3 Nbd7 6. Qc2 Bd6 7. Bd3 O-O 8. O-O
dxc4 9. Bxc4 a6 (9... b5 10. Bd3 Bb7 11. Bd2 b4 $1 {1/2-1/2 Karpov,A-Gelfand,B/
Biel 1997/CBM 60/[Lutz] (20)}) 10. Bd2 b5 {Schwarz verknüpft zwei Varianten
miteinander, das System 9...a6 und das System 9...b5. Genauer ist es, entweder
9...b5 10.Bd3 Bb7 11.Bd2 b4 (statt 11...a6) zu spielen, vergleiche die
vorangehende Anmerkung. Oder aber er spielt 9...a6 10.Bd3 c5.} (10... c5 11.
dxc5 Nxc5 12. Be2 b5 13. b4 Ncd7 14. Ne4 Be7 15. Nxf6+ Bxf6 16. Bc3 Bb7 17.
Bxf6 Nxf6 18. Qb2 Qe7 19. Rfc1 Nd5 20. a3 Rfc8 $11 {1/2-1/2 Karpov,A-Anand,V/
Credit Suisse 1997/CBM 60/[Lutz] (41)}) 11. Bd3 Bb7 12. Ng5 {Es ist wichtig,
diesen Springer nach e4 zu bringen, da er dann am Kampf um das Feld c5
teilnimmt.} (12. Ne4 Nxe4 13. Bxe4 Nf6 14. Bd3 c5 15. dxc5 Bxc5 16. Bc3 Bxf3
17. gxf3 Rc8 18. Rac1 h6 19. Bxf6 Qxf6 {1/2-1/2 Zueger,B-Lukacs,P/Budapest
1991/EXT 91}) 12... Qc7 $2 {Schwarz möchte sich nicht mit einer etwas
schlechteren Stellung abfinden und bringt daher ein spekulatives Bauernopfer.}
(12... h6 13. Nge4 Be7 14. Nxf6+ Nxf6 15. Ne4 Nxe4 16. Bxe4 $14 {1/2-1/2
Makarov,M-Galkin,A/Elista 1996/CBM 56/[Lutz] (42) Dank des rückständigen Pc5
kann Weiß auf einen leichten Vorteil zählen.}) 13. Bxh7+ Kh8 14. f4 c5 15. d5
$2 ({Nach} 15. Bd3 $5 $16 {sehe ich keine ausreichende Kompensation für
Schwarz.}) 15... exd5 16. Qf5 b4 17. Qh3 bxc3 {Weiß hat nur Dauerschach.} 18.
Bxc3 d4 19. Bf5+ Kg8 20. Bh7+ Kh8 21. Bg6+ Kg8 1/2-1/2

[Event "Biel Credit Suisse"]
[Site "Biel"]
[Date "1997.07.25"]
[Round "4"]
[White "Karpov, Anatoly"]
[Black "Anand, Viswanathan"]
[Result "1/2-1/2"]
[WhiteElo "2745"]
[BlackElo "2765"]
[Annotator "Lutz,C"]
[PlyCount "82"]
[EventDate "1997.07.20"]
[EventType "tourn"]
[EventRounds "10"]
[EventCountry "SUI"]
[EventCategory "17"]
[SourceTitle "CBM 060"]
[Source "ChessBase"]
[SourceDate "1997.09.29"]
[SourceVersion "1"]
[SourceVersionDate "1997.09.29"]
[SourceQuality "1"]

1. d4 d5 2. c4 c6 3. Nc3 Nf6 4. e3 e6 5. Nf3 Nbd7 6. Qc2 Bd6 7. Bd3 O-O 8. O-O
dxc4 9. Bxc4 a6 10. Bd2 $6 {M.E. kann Weiß mit 10.Bd2 nicht auf Vorteil hoffen,
besser ist wahrscheinlich 10.Rd1.} (10. Rd1) 10... c5 11. dxc5 (11. Bd3 h6 12.
Rad1 cxd4 13. exd4 Qc7 14. Rc1 Qb8 15. Rfe1 b5 16. Ne4 Bb7 17. Nxd6 Qxd6 $11 {
1/2-1/2 Topalov,V-Kramnik,V/Dos Hermanas 1997/CBM 59 (27)}) 11... Nxc5 12. Be2
$146 (12. a4 b6 13. e4 Qc7 14. h3 Bb7 15. Rfe1 Ncd7 16. Bf1 (16. Bd3 $11 {
Kramnik}) 16... Rac8 17. Rad1 Qb8 18. Qb1 h6 $15 {0-1 Costa,J-Kramnik,V/Manila
olm 1992/TD 92\02 (30)}) 12... b5 13. b4 Ncd7 14. Ne4 Be7 15. Nxf6+ Bxf6 16.
Bc3 Bb7 17. Bxf6 Nxf6 18. Qb2 Qe7 19. Rfc1 Nd5 20. a3 Rfc8 $11 {Weiß hat wegen
der Schwächung des Feldes c5 einen symbolischen Vorteil, mehr nicht.} 21. Ne5
Nb6 22. Rxc8+ Rxc8 23. Rc1 Rxc1+ 24. Qxc1 Qd6 25. Nd3 Nd7 26. f3 Kf8 27. Qc3 f6
28. Qc2 Qc6 29. Qxc6 Bxc6 30. e4 Ke7 31. Kf2 e5 32. Bd1 Kd6 33. Bb3 Nf8 34. Ke3
g5 35. g3 Bb7 36. Nc5 Bc8 37. Kd2 a5 38. Kc3 a4 39. Bg8 h6 40. Bf7 Be6 41. Bh5
Bd7 1/2-1/2

[Event "RUS-ch"]
[Site "Elista"]
[Date "1996.??.??"]
[Round "3"]
[White "Makarov, Marat"]
[Black "Shabanov, Yuri"]
[Result "1/2-1/2"]
[WhiteElo "2560"]
[BlackElo "2405"]
[Annotator "Lutz,C"]
[PlyCount "82"]
[EventDate "1996.10.15"]
[EventType "swiss"]
[EventRounds "11"]
[EventCountry "RUS"]
[SourceTitle "CBM 056"]
[Source "ChessBase"]
[SourceDate "1997.02.01"]
[SourceVersion "1"]
[SourceVersionDate "1997.02.01"]
[SourceQuality "1"]

1. d4 d5 2. c4 c6 3. Nc3 Nf6 4. e3 e6 5. Nf3 Nbd7 6. Bd3 Bd6 7. e4 dxe4 8. Nxe4
Nxe4 9. Bxe4 O-O 10. O-O h6 11. Bc2 e5 12. Re1 Bb4 (12... exd4 13. Qxd4 Bc5 14.
Qc3 a5 15. a3 Nf6 16. Be3 $14 {1/2-1/2 Kasparov,G-Comp Deep Blue/Philadelphia
m 1996 (50)} (16. Bxh6 $13)) 13. Bd2 Bxd2 14. Qxd2 exd4 15. Qxd4 Qb6 16. Qc3 c5
$5 (16... a5 $6 {1-0 Sherbakov,R-Shabanov,Y/RUS-ch 1996 (26)}) 17. Rad1 Nf6 18.
Qe5 Bd7 $1 (18... Be6 $2 19. Rd6 Qa5 20. Rxe6 fxe6 21. Qxe6+ Kh8 22. Nh4 $40)
19. Rd6 Qa5 20. Red1 (20. Rxf6 $2 Rae8 $19) 20... Rae8 21. Qf4 (21. Qg3 $5 Re6
22. h3 Rxd6 (22... Qc7 $2 23. Rxd7) 23. Rxd6 Qc7 $11 24. Rxf6 $2 Qxg3) 21...
Re6 22. h3 (22. Rxd7 Nxd7 23. Rxd7 Re1+ $19) 22... Qc7 (22... Rxd6 23. Rxd6 Qc7
$2 24. Rxf6) 23. Qg3 Rxd6 24. Qxd6 Qxd6 25. Rxd6 Re8 $11 26. Kf1 Kf8 27. a3 Be6
28. b3 Ke7 29. Rd2 a5 30. a4 Rd8 31. Rxd8 Kxd8 32. Ke2 Kc7 33. Ke3 Ne8 34. Nd2
Nd6 35. g4 g5 36. Ne4 Nxe4 37. Bxe4 Bc8 38. f4 Kd6 39. Kf3 b6 40. Ke3 Bd7 41.
Kf3 Ke7 1/2-1/2

[Event "Rubinstein Memorial 33rd"]
[Site "Polanica Zdroj"]
[Date "1996.??.??"]
[Round "5"]
[White "Kempinski, Robert"]
[Black "Krasenkow, Michal"]
[Result "1/2-1/2"]
[WhiteElo "2510"]
[BlackElo "2605"]
[Annotator "Lutz,C"]
[PlyCount "27"]
[EventDate "1996.08.15"]
[EventType "tourn"]
[EventRounds "11"]
[EventCountry "POL"]
[EventCategory "15"]
[SourceTitle "CBM 055"]
[Source "ChessBase"]
[SourceDate "1996.12.01"]
[SourceVersion "1"]
[SourceVersionDate "1996.12.01"]
[SourceQuality "1"]

1. d4 Nf6 2. c4 e6 3. Nf3 d5 4. Nc3 c6 5. e3 Nbd7 6. Bd3 Bd6 {Diese Variante
erfreut sich keiner großen Beliebtheit, aber Weiß muß genau spielen, um
Vorteil zu erlangen.} (6... dxc4) 7. O-O O-O 8. e4 dxe4 9. Nxe4 Nxe4 10. Bxe4
h6 11. b3 (11. Bc2 e5 12. Re1 exd4 13. Qxd4 Bc5 14. Qc3 a5 15. a3 Nf6 16. Be3
Bxe3 17. Rxe3 $14 {Kasparov,G-Deep Blue (04)/Philadelphia m ;EXP 50 1996})
11... e5 12. dxe5 (12. Bc2 Re8 $1 13. Re1 exd4 14. Rxe8+ Qxe8 15. Qxd4 Bc5 16.
Qd3 Nf6 17. Bb2 Qd7 $1 18. Qc3 Qe7 19. h3 {Stohl,I-Krasenkow,M/Brno (09) ; CBM
43 1994}) 12... Nxe5 13. Bb2 Qf6 $10 14. Nxe5 1/2-1/2

[Event "Jakarta"]
[Site "Jakarta"]
[Date "1996.??.??"]
[Round "?"]
[White "Tkachiev, Vladislav"]
[Black "Handoko, Edhi"]
[Result "1/2-1/2"]
[WhiteElo "2620"]
[BlackElo "2475"]
[Annotator "Lutz,C"]
[PlyCount "43"]
[EventDate "1996.08.28"]
[EventType "tourn"]
[EventRounds "11"]
[EventCountry "INA"]
[EventCategory "10"]
[SourceTitle "CBM 057"]
[Source "ChessBase"]
[SourceDate "1997.04.01"]
[SourceVersion "1"]
[SourceVersionDate "1997.04.01"]
[SourceQuality "1"]

1. d4 d5 2. c4 c6 3. Nc3 Nf6 4. e3 e6 5. Nf3 Nbd7 6. Bd3 Bd6 7. e4 (7. O-O {
ist der Normalzug und etwas genauer, z.B.} O-O 8. e4 dxe4 9. Nxe4 Nxe4 10. Bxe4
Nf6 $140 11. Bc2 c5 12. Qd3 cxd4 13. Bg5 $40) 7... dxe4 8. Nxe4 Nxe4 9. Bxe4
Nf6 10. Bc2 c5 11. O-O h6 12. dxc5 (12. b3 $14) 12... Bxc5 13. Qe2 O-O 14. Bd2
b6 15. b4 Be7 16. Bc3 Bb7 17. Ne5 Qc7 18. f4 $6 {Wirkt angesichts der
ungedeckten Läufer auf der c-Line verfrüht.} (18. a3 $5) 18... b5 $1 19. Kh1 (
19. c5 $2 Bxc5+ 20. bxc5 Qxc5+) 19... bxc4 20. Nxc4 Rfd8 $6 (20... Bd5 21. Bd3
Bxc4 (21... Rac8 22. Be5) 22. Bxc4 Rac8 23. Bxf6 Bxf6 24. Rac1 $11) 21. f5 e5
$5 22. Bxe5 (22. Bxe5 Qc6 23. Na5 (23. a3 $5 Rac8 $140 24. Bb3 Rd3 25. Na5)
23... Qxg2+ 24. Qxg2 Bxg2+ 25. Kxg2 Rd2+ 26. Rf2 Rxf2+ 27. Kxf2 Ng4+) 1/2-1/2

[Event "EU-chT (Men) 14th"]
[Site "Plovdiv"]
[Date "2003.10.18"]
[Round "7.1"]
[White "Beliavsky, Alexander G"]
[Black "Acs, Peter"]
[Result "1-0"]
[WhiteElo "2667"]
[BlackElo "2593"]
[Annotator "Lutz,C"]
[PlyCount "73"]
[EventDate "2003.10.10"]
[EventType "team-swiss"]
[EventRounds "9"]
[EventCountry "BUL"]
[SourceTitle "CBM 098"]
[Source "ChessBase"]
[SourceDate "2004.02.03"]
[SourceVersion "1"]
[SourceVersionDate "2004.02.03"]
[SourceQuality "1"]
[WhiteTeam "Slovenia"]
[BlackTeam "Hungary"]
[WhiteTeamCountry "SLO"]
[BlackTeamCountry "HUN"]

1. d4 d5 2. c4 c6 3. Nf3 Nf6 4. Nc3 e6 5. e3 Nbd7 6. Qc2 Bd6 7. Be2 O-O 8. O-O
dxc4 9. Bxc4 e5 10. Rd1 $6 {Gegen das frühe ...e6-e5 gilt allgemein 10.Bb3 in
Verbindung mit 11.Bd2 als die kritische Fortsetzung.} (10. Bb3 Qe7 11. Bd2 e4
12. Ng5 Bxh2+ 13. Kxh2 Ng4+ 14. Kg1 Qxg5 15. Qxe4 $14 {mit weißem Vorteil, wie
in vielen Partien nachgewisen wurde.}) 10... Qe7 11. e4 {Diese Variante gilt
als harmlos.} exd4 12. Nxd4 Ne5 (12... Nb6 13. Be2 (13. Bb3 {Ftacnik} Re8 $13)
13... Re8 14. Be3 (14. Bf3 Nbd5 15. Nde2 Nxc3 16. Nxc3 Bc7 17. Be3 Bg4 18. Ne2
Bb6 {1/2-1/2 Epishin,V-Zvjaginsev,V/Bern 1996/CBM 51 ext (18)}) 14... Bd7 15.
f3 Rad8 16. Bf1 (16. Bf2 $5 {Ftacnik}) 16... Nbd5 17. Bf2 $11 {Ftacnik,L. 0-1
Salov,V-Ivanchuk,V/Dortmund 1992/CBM 29/[Ftacnik] (38)}) 13. Bf1 (13. Be2 Ng6
14. Nf5 Bxf5 15. exf5 Ne5 16. Bg5 Ned7 17. Re1 Rfe8 18. Kf1 h6 19. Bh4 Be5 20.
Bg3 Qc5 21. Rac1 Bxg3 22. hxg3 Re5 23. f4 Re7 24. Bf3 Rae8 25. Rxe7 Rxe7 26.
Re1 Rxe1+ 27. Kxe1 Nb6 28. Ke2 Nbd5 29. Qd3 Nb4 30. Qd8+ Kh7 31. a3 Nbd5 32.
Nxd5 cxd5 33. Kd3 Qc4+ 34. Kd2 Ne4+ 35. Bxe4 Qxe4 36. Qd7 Qxg2+ 37. Kc1 f6 38.
Kb1 Qxg3 39. Qxb7 Qd3+ 40. Ka2 a6 41. a4 h5 42. Qf7 Qxf5 {0-1 Dlugy,M-Akopian,
V/New York 1994/CBM 40 ext (42)}) 13... Ng6 {Schwarz kommt zur freien
Figurenentwicklung und hat keine großen Probleme, da Weiß seine Bauernmehrheit
im Zentrum nicht in Bewegung setzen kann.} 14. g3 $6 (14. f3 {wird von A.
Beliavsky im NIC-Magazine 2003/8 als besser angegeben.}) 14... Bc5 15. f3 {
Weiß spielt sehr riskant.} Ne5 16. Kg2 Rd8 17. Be3 Nxf3 {Die geschwächte weiße
Königsstellung provoziert eine Kombination, allerdings spielt Acs den falschen
Folgezug.} 18. Kxf3 Bg4+ $6 {Danach erhält Weiß die besseren Chancen.} (18...
Qe5 $1 19. Qd3 (19. Nxc6 Bg4+ 20. Kg2 bxc6 21. Rxd8+ Rxd8 22. Bxc5 Qxc5 23. Be2
Qh5 24. Rd1 Re8 25. Re1 $15 {laut Beliavsky}) 19... Qh5+ 20. Kg2 Bxd4 21. Bxd4
c5 22. Qb5 Bh3+ 23. Kg1 Rxd4 24. Rxd4 cxd4 25. Qxh5 Nxh5 26. Bxh3 dxc3 27. bxc3
$11) 19. Kg2 Bxd1 20. Rxd1 Ng4 21. Bg1 Rxd4 22. Rxd4 Bxd4 23. Bxd4 b5 $6 (23...
Qd6 $5 {Beliavsky}) (23... Rd8 24. Bxa7) 24. Ne2 c5 $2 {Schwarz sollte nicht
zulassen, dass Weiß den Pe4 abtauschen kann.} (24... Ne5 $5 {Beliavsky}) 25.
Qxc5 Qxe4+ 26. Kg1 $18 {Jetzt kontrollieren die weißen Leichtfiguren das Brett.
} a6 27. h3 Nf6 28. Bg2 Qb1+ 29. Kh2 Re8 30. Nf4 Qxa2 31. Bxf6 gxf6 32. Qc6 Re6
33. Qc8+ Kg7 34. Nh5+ Kh6 35. Qg8 Kxh5 36. Qxh7+ Kg5 37. Qg7+ 1-0